<?xml version="1.0" encoding="UTF-8"?>
<record
    xmlns:xsi="http://www.w3.org/2001/XMLSchema-instance"
    xsi:schemaLocation="http://www.loc.gov/MARC21/slim http://www.loc.gov/standards/marcxml/schema/MARC21slim.xsd"
    xmlns="http://www.loc.gov/MARC21/slim">

  <leader>01532nam a2200205Ia 4500</leader>
  <datafield tag="952" ind1=" " ind2=" ">
    <subfield code="0">0</subfield>
    <subfield code="1">0</subfield>
    <subfield code="4">0</subfield>
    <subfield code="7">0</subfield>
    <subfield code="a">18</subfield>
    <subfield code="b">18</subfield>
    <subfield code="d">2011-09-07</subfield>
    <subfield code="l">21</subfield>
    <subfield code="m">17</subfield>
    <subfield code="o">HF5548.8 I57</subfield>
    <subfield code="p">18 001453</subfield>
    <subfield code="r">2024-02-06</subfield>
    <subfield code="s">2024-01-16</subfield>
    <subfield code="t">1</subfield>
    <subfield code="w">2012-06-26</subfield>
    <subfield code="y">LB</subfield>
  </datafield>
  <datafield tag="999" ind1=" " ind2=" ">
    <subfield code="c">74589</subfield>
    <subfield code="d">74589</subfield>
  </datafield>
  <controlfield tag="008">120626s2003    sp            000 0 spa d</controlfield>
  <datafield tag="020" ind1=" " ind2=" ">
    <subfield code="a">9788420635644</subfield>
  </datafield>
  <datafield tag="050" ind1=" " ind2=" ">
    <subfield code="a">HF5548.8</subfield>
    <subfield code="b">I57</subfield>
  </datafield>
  <datafield tag="245" ind1="1" ind2="0">
    <subfield code="a">Introducci&#xF3;n a la psicolog&#xED;a de las organizaciones</subfield>
    <subfield code="c"> / Francisco Gil Rodr&#xEC;guez,Carlos Mar&#xEC;a Alcover de la Hera coordinadores</subfield>
  </datafield>
  <datafield tag="260" ind1="3" ind2=" ">
    <subfield code="a">Espa&#xF1;a</subfield>
    <subfield code="b"> : Alianza Editorial</subfield>
    <subfield code="c">, 2003</subfield>
  </datafield>
  <datafield tag="300" ind1=" " ind2=" ">
    <subfield code="a">599 p&#xE1;ginas</subfield>
  </datafield>
  <datafield tag="490" ind1=" " ind2=" ">
    <subfield code="a">( Manual de psicolog&#xED;a y Educaci&#xF3;n</subfield>
    <subfield code="v">84)</subfield>
  </datafield>
  <datafield tag="505" ind1=" " ind2=" ">
    <subfield code="a">Organizaciones y comportamiento organizacional
Evoluci&#xF3;n hist&#xF3;rica del estudio del comportamiento organizacional
Las organizaciones en las sociedades actuales
M&#xE9;todos de investigaci&#xF3;n en psicolog&#xED;a de las organizaciones
Estructuras organizacionales
Influencia de las nuevas tecnolog&#xED;as sobre el comportamiento organizacional
Equipos de trabajo y din&#xE1;micas grupales en contextos organizacionales
Socializaci&#xF3;n organizacional
Cambio y desarrollo en las organizaciones
Direcci&#xF3;n y liderazgo
Comunicaci&#xF3;n en las organizaciones
Toma de decisiones en las organizaciones
Cultura y clima organizacional
Aprendizaje organizacional
Conflicto y negaci&#xF3;n en las organizaciones
Eficacia organizacional
Intervenci&#xF3;n en las organizaciones</subfield>
  </datafield>
  <datafield tag="519" ind1=" " ind2=" ">
    <subfield code="a">Plan Flexible / </subfield>
    <subfield code="b">Administraci&#xF3;n / </subfield>
    <subfield code="c">Psicolog&#xED;a Organizacional (P19-3) / </subfield>
    <subfield code="d">(18 001453)</subfield>
  </datafield>
  <datafield tag="650" ind1=" " ind2="0">
    <subfield code="a">PSICOLOG&#xCD;A INDUSTRIAL </subfield>
  </datafield>
  <datafield tag="650" ind1=" " ind2="0">
    <subfield code="a">COMPORTAMIENTO ORGANIZACIONAL</subfield>
  </datafield>
  <datafield tag="700" ind1=" " ind2=" ">
    <subfield code="a">Gil Rodr&#xED;guez, Francisco</subfield>
    <subfield code="e">coordinador </subfield>
  </datafield>
  <datafield tag="700" ind1=" " ind2=" ">
    <subfield code="a">Alcover de Hera, Carlos Mar&#xED;a</subfield>
    <subfield code="e">coordinador</subfield>
  </datafield>
  <datafield tag="942" ind1=" " ind2=" ">
    <subfield code="c">LB</subfield>
  </datafield>
</record>
